UBT Library

Obstetrics. (Record no. 42885)

000 -LEADER
fixed length control field 00615cam a22002531 4500
001 - CONTROL NUMBER
control field 6552605
005 - DATE AND TIME OF LATEST TRANSACTION
control field 20180220040632.0
008 - FIXED-LENGTH DATA ELEMENTS--GENERAL INFORMATION
fixed length control field 740327s1960 pau b 000 0 eng
010 ## - LIBRARY OF CONGRESS CONTROL NUMBER
LC control number 60009825
015 ## - NATIONAL BIBLIOGRAPHY NUMBER
National bibliography number GB60-16215
035 ## - SYSTEM CONTROL NUMBER
System control number (OCoLC)843119
040 ## - CATALOGING SOURCE
Original cataloging agency DLC
Transcribing agency ODaWU
Modifying agency OCoLC
-- Uk
-- DLC
041 ## - LANGUAGE CODE
Language code of text/sound track or separate title eng
042 ## - AUTHENTICATION CODE
Authentication code premarc
060 ## - NATIONAL LIBRARY OF MEDICINE CALL NUMBER
Classification number WQ100
Item number .G812p 1960
080 ## - UNIVERSAL DECIMAL CLASSIFICATION NUMBER
Universal Decimal Classification number 618.2
082 ## - DEWEY DECIMAL CLASSIFICATION NUMBER
Classification number 618.2 GRE
100 1# - Rafti
Rafti 10
101 ## - Shkurtesa
Shkurtesa GJIN
245 10 - TITLE STATEMENT
Title Obstetrics.
504 ## - BIBLIOGRAPHY, ETC. NOTE
Bibliography, etc Includes bibliographical references.
906 ## - LOCAL DATA ELEMENT F, LDF (RLIN)
a 7
b cbc
c oclcrpl
d u
e ncip
f 19
g y-gencatlg
942 ## - ADDED ENTRY ELEMENTS (KOHA)
Source of classification or shelving scheme
Item type Books
Holdings
Withdrawn status Lost status Source of classification or shelving scheme Damaged status Not for loan Collection code Permanent location Current location Shelving location Date acquired Total Checkouts Full call number Barcode Date last seen Price effective from Koha item type
          Koleksioni i përgjithshem UBT - Lipjan UBT - Lipjan Koleksioni i përgjithshem 02/20/2018   618.2 GRE 002-2998838 02/20/2018 02/20/2018 Books
UBT Library © 2015-2024. All rights reserved University Education for Business and Technology